000 01025cam a22001934a 4500
005 20250605163931.0
008 250528s ||||||||||||||||||||||||d
035 _a14688
040 _aGR-AtMCL
_bgre
_dGR-AtMCL
_eAACR2
245 1 _aΘέματα Κλινικής Ψυχολογίας 1 / Εφαρμοσμένη Κλινική Ψυχολογία στο Χώρο της Υγείας
250 _a
260 _bΕλληνικά Γράμματα,
_c1996
300 _a104
520 _aΚλινική Ψυχολογία και ιατρική, Ασθένεια και Υγεία, Ασθένεια = Ψυχολογικές Επιπτώσεις = Παρεμβάσεις της Κλινικής Ψυχολογίας, Ασθένεια = Ακραίες Καταστάσεις - Ιδιαιτερότητες Αντιδράσεων - Παρεμβάσεις της Κλινικής Ψυχολογίας.
700 1 _aΚαλαντζή-Αζίζι Αναστασία
_9164
942 _cBK
999 _c309
_d309